000 00358nam a22001217a 4500
003 SGT
082 _a920
_bI16P
100 _aपांडेय, नरेंद्र कुमार
245 _aइतिहास के आईने में
260 _bसत्साहित्य प्रकाशन
_c2016
300 _a160
942 _2ddc
_cBK
999 _c31989
_d31989